LEADER 01178nam0-22003611i-450- 001 990000026650403321 005 20081028160138.0 035 $a000002665 035 $aFED01000002665 035 $a(Aleph)000002665FED01 035 $a000002665 100 $a20020821d1968----km-y0itay50------ba 101 0 $aeng 102 $aNL 105 $ay-------001yy 200 1 $aNew methods for solving elliptic equations$fI.N. Vekua$gtranslated from the russian by D. E. Brown$gtranslation edite A.B. Tayler 210 $aAmsterdam$cNorth-Holland publishing company$aNew York$cJ. Wiley and Sons$d1968 215 $aXII, 358 p.$d23 cm 225 1 $aNorth-Holland series in applied mathematics and mechanics$v1 610 0 $aEquazioni ellittiche$aRisoluzione 676 $a515.353 700 1$aVekua,$bIlia Nestorovich$02061 801 0$aIT$bUNINA$gRICA$2UNIMARC 901 $aBK 912 $a990000026650403321 952 $a13 K 04 17$b30402$fFINBC 952 $a02 30 E 18$b1886$fFINBN 952 $a04 012-47$bIRC 765/L$fDINCH 959 $aFINBC 959 $aFINBN 959 $aDINCH 996 $aNew methods for solving elliptic equations$9107207 997 $aUNINA LEADER 00941nam0-22003131i-450 001 990005536470203316 005 20200922153652.0 035 $a000553647 035 $aUSA01000553647 035 $a(ALEPH)000553647USA01 100 $a20050719d1977----km y1itay5003----ba 101 0 $aita 102 $aIT 200 1 $a<>socialismo italiano$estrutture, comportamenti, valori$fAntonio Landolfi 205 $aNuova ed. aggiornata 210 $aCosenza$cLerici$d1977 215 $a498 p.$d21 cm 225 2 $aFatti, personaggi, idee, documenti del socialismo 410 1$12001$aFatti, personaggi, idee, documenti del socialismo 606 0 $aPartiti socialisti$2BNCF 676 $a324.2174 700 1$aLANDOLFI,$bAntonio$0272401 801 0$aIT$bSOL$c20120104 912 $a990005536470203316 951 $a300 324.2174 LAN$b1350 DISES 959 $aBK 969 $aDISES 996 $aSocialismo italiano$9294580 997 $aUNISA LEADER 03118 am 2200517 n 450 001 9910308051103321 005 20180622 010 $a2-7535-6396-9 024 7 $a10.4000/books.pur.59053 035 $a(CKB)4100000007549227 035 $a(FrMaCLE)OB-pur-59053 035 $a(oapen)https://directory.doabooks.org/handle/20.500.12854/53356 035 $a(PPN)234055731 035 $a(EXLCZ)994100000007549227 100 $a20190125j|||||||| ||| 0 101 0 $afre 135 $auu||||||m|||| 181 $ctxt$2rdacontent 182 $cc$2rdamedia 183 $acr$2rdacarrier 200 10$aMiami la cubaine $eGéographie d?une ville-carrefour entre les Amériques /$fViolaine Jolivet 210 $aRennes $cPresses universitaires de Rennes$d2018 215 $a1 online resource (272 p.) 311 $a2-7535-3990-1 330 $a« ?Stoy en la guagua papi, te llamo pa?tras1 ! » Miami la cubaine pourrait commencer ici, à bord du bus 8 reliant le Downtown de Miami à la périphérie ouest de la ville essentiellement habitée par des Cubano-Américains et des Hispaniques. L?accent cubain comme les remaniements de la langue induits par la relation entre des territoires multiples ouvrent ainsi les portes de cette analyse géographique de Miami, ville-carrefour entre les Amériques. S?asseoir dans ces espaces publics en mouvement, frissonner sous la climatisation, intercepter les bribes de conversations, sursauter aux sonneries de téléphone criant le dernier reggaeton, respirer les odeurs d?eau de Cologne et se sentir ailleurs, dans une autre Amérique qui se dessine au contact des deux autres : c?est cette relation entre les Amériques que je présente ici. Partant d?une exception, celle de la montée en puissance des immigrants cubains à la tête de l?agglomération, je présente la transformation radicale de Miami en une ville relationnelle et mondiale, en analysant sa position géographique de carrefour, l?impact des élites cubano-américaines sur son développement et l?ouverture de la ville aux femmes et hommes et capitaux venus du Sud. Miami offre ainsi un exemple singulier d?une ville entre Nord et Sud qui permet de développer trois aspects de la relation à l?échelle urbaine : une analyse des territoires entre mobilités, rapports de pouvoir et dynamiques culturelles. 1. « Je suis dans le bus, je te rappelle (anglicisme I call you back) », le terme de guagua étant particulièrement utilisé dans la Caraïbe. 606 $aGeography 606 $aville 606 $aimmigration 606 $aétude urbaine 606 $amulticulturalisme 610 $aétude urbaine 610 $aville 610 $aimmigration 610 $amulticulturalisme 615 4$aGeography 615 4$aville 615 4$aimmigration 615 4$aétude urbaine 615 4$amulticulturalisme 700 $aJolivet$b Violaine$01300434 701 $aThéodat$b Jean Marie$01298046 801 0$bFR-FrMaCLE 906 $aBOOK 912 $a9910308051103321 996 $aMiami la cubaine$93025539 997 $aUNINA